000 00448cam a2200181ua 4500
020 _c2.50
041 _amal
_h
082 _a894.812809
_bJOS/NA
100 _aJoseph, Mundassery .
245 _aNatakantham kavitham /
_cJoseph Mundassery.
_hTextual Documents
250 _a2 /
_b.
260 _aThrissur :
_bMangalodhayam pvt ltd ,
_c1964.
300 _a174 ; .
365 _a2.50
504 _a
942 _cBK
999 _c11400
_d11400